00881nam a2200241Ia 4500001000600000003000900006008004100015040001300056040001300069041001300082100001800095100002900113245006100142245005700203250001100260260000900271260001200280260004900292300005700341500019600398650001400594650003100608G1984IT-RoPAU130308s9999 xx 000 0 und d aIT-RoPAU cIT-RoPAU aITALIANO aBasile Grazia gCodice Aut. SPICS: 54021 aSignificato e uso. La dimensione sociale del significare bSemantica: Teorie, tendenze e Problemi Contemporanei a1a ed. aROMA bCarocci c1999 [1° Ed.:1999 - Ed.Ling.Originale:1999] a"31 p. (prefazione: no ; testo: 31 [pagine: 47-77])" aComunicazione Come Trasmissione di Senso: prospettive Teoriche. Significato e Contesto di Enunciazione: Discussioni Recenti. Senso tra Produzione e Comprensione. Comprensione della Polisemia. aSEMANTICA eCodice materia Spics: 3301